000 00644nam a2200229 i 4500
001 C2-0303746
003 PPAK
005 20180728084710.0
008 100404s2010 my a|||| ||||| | may d
020 _a9789673176274
040 _aPPAK
_beng
_cPPAK
_erda
082 0 4 _a398.245
_223
090 0 0 _a398.245
_bKOL
_dRK
245 0 0 _aKoleksi cerita fabel kegemaranku
264 1 _aKuala Lumpur :
_bKohwai & Young Publications ,
_c2010
300 _a200 pages :
_bcolour illustrations ;
_c30 cm
336 _2rdacontent
_atext
337 _2rdamedia
_aunmediated
338 _2rdacarrier
_avolume
650 1 0 _aAnimal tales.
942 _ddc
_cB
999 _c106964
_d106964